Geometry Dash Levels - Sudden Death - Statistics

General Stats
  • This quiz has been taken 791 times
  • The average score is 7 of 17
Answers on the Grid
Answers color-coded by a green-red scale on the quiz's grid according to % correct below.
Stereo of Everything
Jumping
Dash
Rush
Theory of everthing
Stereo Madness
Theory of everythintg II
Fingerbang
Fingerdash
Back on Track
Polargeist
Poleghost
Electro Dash
Electroman Adventure
Electromen Adventure
Can´t let go
Deathlocked
Deadlocked
Clupstep
Clubstep
Base after Base
Jumper
Time Machin
Time Machine
xStep
Cluuuerfunk
Clutterfunk
Elektro Dymanics
Electro Dynamics
Hexagon Force
 
Answer Stats
Answer % Correct
Dash
88%
Stereo Madness
58%
Back on Track
40%
Polargeist
39%
Fingerdash
38%
Clubstep
37%
Clutterfunk
36%
Base after Base
35%
Hexagon Force
35%
xStep
35%
Can´t let go
34%
Jumper
34%
Time Machine
34%
Deadlocked
33%
Theory of everythintg II
33%
Electroman Adventure
31%
Electro Dynamics
21%
No matching quizzes found
Score Distribution
Percent of People with Each Score
Percentile by Number Answered
Your Score History
You have not taken this quiz